Rough treatment : a charlie resnick mystery (Record no. 34503)

MARC details
000 -LEADER
fixed length control field 00395nam a2200169Ia 4500
020 ## - INTERNATIONAL STANDARD BOOK NUMBER
ISBN 0380711710
050 ## - CALL MARK
Classification number PR 9387 .H37/
100 ## - STATEMENT OF RESPONSIBILITY--MAIN AUTHOR NAME
Personal name Harvey, J.
245 #0 - TITLE STATEMENT
Title Rough treatment : a charlie resnick mystery
260 ## - PUBLICATION, DISTRIBUTION, ETC. (IMPRINT)
Place of publication New York
260 ## - PUBLICATION, DISTRIBUTION, ETC. (IMPRINT)
Name of publisher Avon Books
260 ## - PUBLICATION, DISTRIBUTION, ETC. (IMPRINT)
Year of publication 1990
300 ## - PHYSICAL DESCRIPTION
Number of Pages 300 p
942 ## - ADDED ENTRY ELEMENTS (KOHA)
Koha item type Books
Holdings
Withdrawn status Lost status Source of classification or shelving scheme Damaged status Not for loan Permanent Location Current Location Date acquired Accession Number Price effective from Koha item type
    Library of Congress Classification     NILE UNIVERSITY OF NIGERIA - MAIN LIBRARY NILE UNIVERSITY OF NIGERIA - MAIN LIBRARY 04/23/2025 0000352 04/23/2025 Books